コンテンツを見る

Методические рекомендации по выполнению лабораторной работы № 3 по дисциплине «Введение в корпоративные информационные системы» учебно-методическое пособие

Методические указания разработаны в соответствии с требованиями Федерального государственного образовательного стандарта высшего образования по направлению подготовки бакалавров 09.03.03 «Прикладная информатика». Настоящие методические указания содержат необходимые материалы по организации, выполнен...

詳細記述

保存先:
書誌詳細
第一著者: Матвеева Е. А.
その他の著者: Черных О. Н.
フォーマット: Книга
言語:Russian
出版事項: Самара ПГУТИ 2024
主題:
オンライン・アクセス:https://e.lanbook.com/book/463589
https://e.lanbook.com/img/cover/book/463589.jpg
タグ: タグ追加
タグなし, このレコードへの初めてのタグを付けませんか!
LEADER 02743nam0a2200385 i 4500
001 463589
003 RuSpLAN
005 20250516154115.0
008 250516s2024 ru gs 000 0 rus
040 |a RuSpLAN 
041 0 |a rus 
044 |a ru 
080 |a 001.891.32 
245 0 0 |a Методические рекомендации по выполнению лабораторной работы № 3 по дисциплине «Введение в корпоративные информационные системы»  |b учебно-методическое пособие  |c Матвеева Е. А.,Черных О. Н. 
260 |a Самара  |b ПГУТИ  |c 2024 
300 |a 28 с. 
504 |a Библиогр.: доступна в карточке книги, на сайте ЭБС Лань 
520 8 |a Методические указания разработаны в соответствии с требованиями Федерального государственного образовательного стандарта высшего образования по направлению подготовки бакалавров 09.03.03 «Прикладная информатика». Настоящие методические указания содержат необходимые материалы по организации, выполнению и защите лабораторной работы «Разработка технического задания на создание информационной системы». Для бакалавров очной и заочной формы обучения по направлению подготовки 09.03.03 («Прикладная информатика»). 
521 8 |a Книга из коллекции ПГУТИ - Информатика 
521 8 |a СЭБ 
653 0 |a стандарты 
653 0 |a составление тз 
653 0 |a разработка тз 
653 0 |a графика работ 
653 0 |a выполнение работы 
653 0 |a информационная система вуза 
653 0 |a предметных областей 
653 0 |a информационная система строительной компании 
653 0 |a информационная система торговой компании 
653 0 |a информационная система гостиничного комплекса 
100 1 |a Матвеева Е. А. 
700 1 |a Черных О. Н. 
856 4 |u https://e.lanbook.com/book/463589 
856 4 8 |u https://e.lanbook.com/img/cover/book/463589.jpg 
953 |a https://e.lanbook.com/img/cover/book/463589.jpg